00454nam a2200181 a 4500001001300000003000900013005001700022008004100039020001000080082001700090100002300107245003200130260003300162300000900195500003500204505001000239700002300249nice12345678IN_TiNIC20260116013344.0050524s1999 dela grp 000 0 eng  ac30000a181.07bKHA6 aKhan, Shafique Ali aFredom of Thought and Islam aDelhibAdam Publishersc1999 a368p aincludes index and biblioraphy2 aIndex1 aKhan, Shafique Ali